Statistics for Geography Ending in G, Starting with A-Z

Click here to take the quiz!

General Stats

  • This quiz has been taken 918 times
    (721 since last reset)
  • The average score is 10 of 25

Answer Stats

LetterClueAnswer% Correct
BCapital of ChinaBeijing
99%
LSmall European country, surrounded by Belgium, France and GermanyLuxembourg
87%
HMajor port city in northern GermanyHamburg
85%
PCapital of North KoreaPyongyang
82%
JSouth Africa's biggest city and capital of Gauteng provinceJohannesburg
81%
SIs the second-largest city in RussiaSaint Petersburg
76%
TLanguage spoken in the PhilippinesTagalog
71%
Nis the second-largest city of the German state of BavariaNuremberg
67%
WState in the Mountain West subregion of the Western United StatesWyoming
65%
QManchu-led imperial dynasty of ChinaQing
59%
ACty in the Jutland region of DenmarkAalborg
35%
CMunicipality at the confluence of the Yangtze and Jialing rivers in ChinaChongqing
28%
DThe city is home to the U.N.’s International Court of JusticeDen Haag
23%
ITexas city just northwest of DallasIrving
22%
KModern capital city and transportation hub of China’s southern Yunnan provinceKunming
20%
XAn autonomous territory in northwest ChinaXinjiang
17%
ESeaport town on the west coast of the Jutland peninsula in southwest DenmarkEsbjerg
14%
OCity in northwest GermanyOldenburg
14%
GHistorically rendered as Kweiyang, is the capital of Guizhou provinceGuiyang
11%
FPrefecture-level city in northwestern Anhui province, ChinaFuyang
4%
MSecond largest prefecture-level city of Sichuan province in Southwest ChinaMianyang
4%
VCity located in the south of Gauteng province, South AfricaVereeniging
4%
RArea located in the Gauteng province of South AfricaRandburg
3%
YPrefecture-level city in northeastern Jiangsu province, People's Republic of ChinaYancheng
3%
ZAlternately romanized as Shiuhing, is a prefecture-level city in Guangdong Province, ChinaZhaoqing
3%

Score Distribution

Percentile by Number Answered

Percent of People with Each Score

Your Score History

You have not taken this quiz since the last reset